000 00642nam a2200205Ia 4500
005 20250923145802.0
008 008 250917s9999 xx 000 0 eng d
037 _aTextual
040 _aDSWL
_beng
_cDSWL
041 _aeng
_2eng
084 _aYX;1-m7oaY31:1:7.2, N83
_qDSWL
100 _aFranda, M.
_9838906
245 0 _aVoluntary Associationland local development in India: The Janta Phase
_cby M.Franda
260 _aNew delhi
_b Young Asia Publication
_c1985
300 _aviii,141p.
365 _aINR
_b150.00
925 _g150.00
942 _cTEXL
_hYX;1-m7oaY31:1:7.2, N83
999 _c1455692
_d1455692